00450nam a22001452 4500001001100000005001700011008004100028020002800069040001500097050001600112245010000128260002600228300001600254700003400270000000139220151217151816.0070307s xx 000 0 eng d a0199268010 :cKES 5,849 aKABUcKABU 0aHB139b.E2610aEconometric methods with applications in business and economics /cChristiaan Heij ... [et al.] aOxford :bOUP,c2004. axxv, 787 p.1 aHeij, Christiaan.@0000150089